00682nam a2200217Ia 450000500170000000800410001702000180005804000190007604100120009508200200010710000190012724500740014626000240022030000120024465000190025665100380027585000100031394200070032399900160033095201180034620221130143058.0131103s9999 xx 000 0 und d aSBN 57108379X aLoreto College aEnglish a821.91bELI-SOU aSoutham, B. C. 2aA Student's guide to the selected poems of T. S. EliotcB. C. Southam aLondonbFaberc1968 a136 p.  aEnglish Poetry aEliot, T. S. - Poetry - Criticism aLCLIB cBK c6686d57165 00102ddc4070aMAINbMAINd2013-11-04l1o821.91 ELI-SOU 16339pB6556r2013-12-02s2013-11-25w2013-11-04yBKf